[Event "Erba op 5th"]
[Site "Erba"]
[Date "2011.03.19"]
[Round "3"]
[White "Di Lascio, Savino"]
[Black "Liscio, Giovanni"]
[Result "1-0"]
[WhiteElo "1974"]
[BlackElo "2027"]
[PlyCount "59"]
[EventDate "2011.03.18"]
[EventType "swiss"]
[EventRounds "5"]
[EventCountry "ITA"]
[SourceTitle "EXT 2023"]
[Source "ChessBase"]
[SourceDate "2022.10.05"]
[SourceVersion "1"]
[SourceVersionDate "2022.10.05"]
[SourceQuality "1"]

1. Nf3 Nf6 2. g3 b6 3. Bg2 Bb7 4. d3 e6 5. e4 Be7 6. 0-0 d6 7. c3 c5 8. Bg5 0-0 9. Qc2 Nbd7 10. Na3 a6 11. Rfe1 Rc8 12. Rad1 Qc7 13. c4 Ne5 14. Nd2 Nc6 15. Qb1 Nd4 16. Nb3 h6 17. Bd2 Nxb3 18. axb3 Nd7 19. Nc2 Bf6 20. Be3 e5 21. Bd2 b5 22. Ne3 Bg5 23. Nf5 Bxd2 24. Rxd2 Kh7 25. Qd1 g6 26. Nh4 Nb8 27. f4 Nc6 28. Nf3 Rce8 29. f5 g5 30. Nxg5+ 1-0

[Event "Erba op 4th"]
[Site "Erba"]
[Date "2010.03.06"]
[Round "3"]
[White "Liscio, Giovanni"]
[Black "Occhipinti, Massimo"]
[Result "0-1"]
[WhiteElo "2046"]
[BlackElo "1996"]
[PlyCount "72"]
[EventDate "2010.03.05"]
[EventType "swiss"]
[EventRounds "5"]
[EventCountry "ITA"]
[SourceTitle "EXT 2024"]
[Source "ChessBase"]
[SourceDate "2023.10.10"]
[SourceVersion "1"]
[SourceVersionDate "2023.10.10"]
[SourceQuality "1"]

1. Nf3 Nf6 2. d4 g6 3. c4 Bg7 4. Nc3 0-0 5. e4 d6 6. Be2 Nbd7 7. 0-0 e5 8. d5 Nc5 9. Nd2 a5 10. f3 Bd7 11. Nb3 b6 12. Be3 h6 13. Qd2 Kh7 14. Rfb1 Ne8 15. Nc1 f5 16. Nd3 f4 17. Bf2 g5 18. b3 h5 19. a3 Bh6 20. b4 axb4 21. axb4 Rxa1 22. Rxa1 Nb3 23. Qb2 Nxa1 24. Qxa1 g4 25. c5 bxc5 26. bxc5 gxf3 27. Bxf3 Bg4 28. Qa7 Kh8 29. Nb5 Bxf3 30. gxf3 Rg8+ 31. Kf1 Qd7 32. c6 Qg7 33. Nb4 Bg5 34. Na6 Bd8 35. Qb8 Bh4 36. Bxh4 Qg1+ 0-1

[Event "Villa Guardia D Oro Cup 26th"]
[Site "Villa Guardia"]
[Date "2008.10.17"]
[Round "2"]
[White "Boffi, Luigi"]
[Black "Liscio, Giovanni"]
[Result "0-1"]
[WhiteElo "1560"]
[BlackElo "1972"]
[PlyCount "76"]
[EventDate "2008.10.10"]
[EventType "swiss"]
[EventRounds "7"]
[EventCountry "ITA"]
[SourceTitle "EXT 2011"]
[Source "ChessBase"]
[SourceDate "2010.11.26"]
[SourceVersion "1"]
[SourceVersionDate "2010.11.26"]
[SourceQuality "1"]

1. e4 e5 2. Nf3 Nf6 3. d3 Nc6 4. g3 Be7 5. Bg2 0-0 6. 0-0 d5 7. exd5 Nxd5 8. Re1 Bf6 9. Nbd2 g6 10. Ne4 Bg7 11. a3 Re8 12. Rb1 h6 13. Bd2 Bg4 14. Qc1 h5 15. Bh6 Bxf3 16. Bxf3 Nd4 17. Bg2 c6 18. Bxg7 Kxg7 19. Nd2 h4 20. Nf3 hxg3 21. hxg3 Qd6 22. Nxd4 exd4 23. Qg5 Nc7 24. Qg4 Rad8 25. Re2 Rxe2 26. Qxe2 Re8 27. Qg4 b6 28. f4 c5 29. f5 Re3 30. Bf3 Nd5 31. Kg2 Rxd3 32. Bxd5 Qxd5+ 33. Kh3 Rd2 34. f6+ Kxf6 35. Qf4+ Qf5+ 36. Qxf5+ Kxf5 37. g4+ Kg5 38. Re1 Rxc2 0-1

[Event "Villa Guardia D Oro Cup 25th"]
[Site "Villa Guardia"]
[Date "2007.10.12"]
[Round "2"]
[White "Zuccoli, Maurizio"]
[Black "Liscio, Giovanni"]
[Result "1/2-1/2"]
[WhiteElo "1885"]
[BlackElo "2018"]
[PlyCount "52"]
[EventDate "2007.10.05"]
[EventType "swiss"]
[EventRounds "7"]
[EventCountry "ITA"]
[SourceTitle "EXT 2010"]
[Source "ChessBase"]
[SourceDate "2010.11.25"]
[SourceVersion "1"]
[SourceVersionDate "2010.11.25"]
[SourceQuality "1"]

1. e4 c5 2. Nf3 d6 3. d4 cxd4 4. Nxd4 Nf6 5. Nc3 a6 6. Bc4 e6 7. Bb3 b5 8. a3 Qc7 9. Bg5 Be7 10. 0-0 Bd7 11. f4 Nc6 12. Kh1 0-0 13. Qd3 Nxd4 14. Qxd4 Bc6 15. f5 e5 16. Qd3 Ne8 17. Bxe7 Qxe7 18. Bd5 Bb7 19. f6 gxf6 20. Bxb7 Qxb7 21. Rf5 Kh8 22. Nd5 Rg8 23. Raf1 Rg6 24. Qh3 Kg7 25. Rh5 h6 26. Qe3 Qa7 1/2-1/2

[Event "Como op"]
[Site "Como"]
[Date "2007.05.04"]
[Round "4"]
[White "Liscio, Giovanni"]
[Black "Napoli, Ferdinando"]
[Result "1-0"]
[WhiteElo "2000"]
[BlackElo "1826"]
[PlyCount "27"]
[EventDate "2007.04.13"]
[EventType "swiss"]
[EventRounds "7"]
[EventCountry "ITA"]
[SourceTitle "EXT 2010"]
[Source "ChessBase"]
[SourceDate "2010.11.25"]
[SourceVersion "1"]
[SourceVersionDate "2010.11.25"]
[SourceQuality "1"]

1. d4 Nf6 2. c4 g6 3. Nc3 Bg7 4. e4 0-0 5. f4 d6 6. Nf3 c5 7. d5 e6 8. Be2 exd5 9. cxd5 Re8 10. Nd2 a6 11. a4 Qa5 12. 0-0 b5 13. axb5 Qb4 14. Ra4 1-0

[Event "Como Province-ch"]
[Site "Como"]
[Date "2006.02.18"]
[Round "4"]
[White "Zuccoli, Maurizio"]
[Black "Liscio, Giovanni"]
[Result "0-1"]
[WhiteElo "1721"]
[BlackElo "2009"]
[PlyCount "82"]
[EventDate "2006.02.11"]
[EventType "swiss"]
[EventRounds "6"]
[EventCountry "ITA"]
[SourceTitle "EXT 2024"]
[Source "ChessBase"]
[SourceDate "2023.10.10"]
[SourceVersion "1"]
[SourceVersionDate "2023.10.10"]
[SourceQuality "1"]

1. e4 e5 2. Nf3 Nf6 3. Nc3 d6 4. Bc4 Be6 5. Bxe6 fxe6 6. d4 exd4 7. Nxd4 Qd7 8. 0-0 Nc6 9. Re1 0-0-0 10. Be3 Nxd4 11. Qxd4 c5 12. Qd3 d5 13. exd5 exd5 14. Bf4 a6 15. a4 Bd6 16. Bxd6 Qxd6 17. a5 Rhe8 18. Na4 Re7 19. Rxe7 Qxe7 20. Qc3 Nd7 21. Re1 Qf8 22. Qh3 Kb8 23. Qxh7 Qf6 24. Qd3 Rf8 25. f3 Qh4 26. Rd1 Qxa4 27. Qxd5 Kc8 28. Qe6 Qc6 29. Qe7 Rg8 30. Rd6 Qc7 31. Qe6 Rd8 32. Rb6 Kb8 33. Rd6 Nf6 34. Rb6 Re8 35. Qb3 Qe7 36. h3 Nh5 37. f4 Nxf4 38. Kh1 Ne2 39. Rxa6 Nd4 40. Qb6 Qe1+ 41. Kh2 Nf3+ 0-1

[Event "Villa Guardia Coppa d'Oro 23th"]
[Site "Villa Guardia"]
[Date "2005.11.11"]
[Round "6"]
[White "Zuccoli, Maurizio"]
[Black "Liscio, Giovanni"]
[Result "0-1"]
[WhiteElo "1688"]
[BlackElo "2000"]
[PlyCount "46"]
[EventDate "2005.10.07"]
[EventType "swiss"]
[EventRounds "8"]
[EventCountry "ITA"]
[SourceTitle "EXT 2024"]
[Source "ChessBase"]
[SourceDate "2023.10.10"]
[SourceVersion "1"]
[SourceVersionDate "2023.10.10"]
[SourceQuality "1"]

1. e4 c5 2. Nf3 d6 3. d4 cxd4 4. Nxd4 Nf6 5. Nc3 e6 6. Be2 Be7 7. Be3 a6 8. 0-0 b5 9. a3 Bb7 10. f3 Qc7 11. Qd2 Nbd7 12. Rad1 0-0 13. Nb3 Rac8 14. Kh1 Rfd8 15. Qe1 d5 16. exd5 Bxd5 17. Nd4 Bc4 18. Bxc4 Qxc4 19. Qg3 Bxa3 20. Ne4 Nxe4 21. fxe4 Bxb2 22. Rf3 Nf8 23. Qf2 e5 0-1

[Event "Villa Guardia Coppa d'Oro 23th"]
[Site "Villa Guardia"]
[Date "2005.10.28"]
[Round "4"]
[White "Larghi, Riccardo"]
[Black "Liscio, Giovanni"]
[Result "1/2-1/2"]
[WhiteElo "2011"]
[BlackElo "2000"]
[PlyCount "45"]
[EventDate "2005.10.07"]
[EventType "swiss"]
[EventRounds "8"]
[EventCountry "ITA"]
[SourceTitle "EXT 2024"]
[Source "ChessBase"]
[SourceDate "2023.10.10"]
[SourceVersion "1"]
[SourceVersionDate "2023.10.10"]
[SourceQuality "1"]

1. e4 c5 2. Nf3 d6 3. d4 cxd4 4. Nxd4 Nf6 5. Nc3 a6 6. Bg5 e6 7. Bc4 Be7 8. Qf3 Qc7 9. Bb3 Nc6 10. 0-0-0 Bd7 11. Rhe1 Nxd4 12. Rxd4 Bc6 13. Qg3 0-0-0 14. f3 h6 15. Be3 g6 16. Qf2 Nd7 17. Red1 Nc5 18. R4d2 b6 19. Kb1 Kb7 20. Bd4 Rhe8 21. Bg7 h5 22. Bd4 Nxb3 23. axb3 1/2-1/2

[Event "Villa Guardia Coppa d'Oro 23th"]
[Site "Villa Guardia"]
[Date "2005.10.21"]
[Round "3"]
[White "Liscio, Giovanni"]
[Black "Turcatti, Mauro"]
[Result "1-0"]
[WhiteElo "2000"]
[BlackElo "1709"]
[PlyCount "89"]
[EventDate "2005.10.07"]
[EventType "swiss"]
[EventRounds "8"]
[EventCountry "ITA"]
[SourceTitle "EXT 2024"]
[Source "ChessBase"]
[SourceDate "2023.10.10"]
[SourceVersion "1"]
[SourceVersionDate "2023.10.10"]
[SourceQuality "1"]

1. d4 Nf6 2. c4 e6 3. Nc3 d5 4. e3 c5 5. Nf3 Nc6 6. Be2 dxc4 7. Bxc4 cxd4 8. exd4 Be7 9. 0-0 0-0 10. a3 b6 11. Be3 Bb7 12. Qe2 a6 13. Rfd1 b5 14. Ba2 Qc8 15. Rac1 b4 16. Na4 Qd8 17. d5 exd5 18. Nb6 Rb8 19. Bxd5 Nxd5 20. Nxd5 Bd6 21. axb4 Ne7 22. Nc3 Bxf3 23. Qxf3 Qc7 24. Ne4 Bxh2+ 25. Kh1 Qe5 26. Bd4 Qf4 27. Bc5 Qxf3 28. gxf3 Bf4 29. Bxe7 Rfe8 30. Bc5 Bxc1 31. Rxc1 a5 32. bxa5 Rxb2 33. Ra1 Re6 34. a6 Rb8 35. a7 Ra8 36. Rb1 f5 37. Rb8+ Re8 38. Rxa8 Rxa8 39. Nd6 g6 40. Nb5 Kf7 41. Nc7 Rc8 42. Kh2 Kf6 43. f4 Kg7 44. a8Q Rxa8 45. Nxa8 1-0

[Event "Como Province-ch"]
[Site "Villa Guardia"]
[Date "2004.03.14"]
[Round "5"]
[White "Larghi, Riccardo"]
[Black "Liscio, Giovanni"]
[Result "1-0"]
[WhiteElo "1872"]
[BlackElo "1831"]
[PlyCount "77"]
[EventDate "2004.03.06"]
[EventType "swiss"]
[EventRounds "6"]
[EventCountry "ITA"]
[SourceTitle "EXT 2024"]
[Source "ChessBase"]
[SourceDate "2023.10.10"]
[SourceVersion "1"]
[SourceVersionDate "2023.10.10"]
[SourceQuality "1"]

1. Nf3 d5 2. c4 c6 3. d4 Nf6 4. e3 g6 5. Nc3 Bg7 6. Qb3 0-0 7. Be2 e6 8. Bd2 dxc4 9. Qxc4 b5 10. Qd3 a6 11. Rc1 Nbd7 12. Ne4 Nxe4 13. Qxe4 Bb7 14. 0-0 Qb6 15. Qc2 b4 16. Qa4 a5 17. a3 e5 18. d5 Rfc8 19. dxc6 Bxc6 20. Rxc6 Rxc6 21. axb4 Rd6 22. Bc3 Qd8 23. bxa5 Nc5 24. Qc2 Na6 25. Nxe5 Rd5 26. Nc6 Qc7 27. Bxg7 Kxg7 28. b4 Nxb4 29. Nxb4 Qxc2 30. Nxc2 Rd2 31. Nd4 Rxa5 32. Nb3 Rxe2 33. Nxa5 h5 34. Nc6 Ra2 35. h4 f6 36. Nd4 g5 37. Rb1 Kg6 38. hxg5 fxg5 39. Rb6+ 1-0